Countries from 'B' by Images - Statistics

General Stats
  • This quiz has been taken 26 times
  • The average score is 13 of 17
Answer Stats
Picture Answer % Correct
Bhutan
95%
Brunei
95%
Belgium
90%
Bolivia
90%
Brazil
90%
Bahrain
86%
Bangladesh
86%
Bahamas
81%
Botswana
81%
Burundi
81%
Belarus
76%
Bosnia and Herzegovina
76%
Burkina Faso
71%
Barbados
62%
Belize
62%
Benin
62%
Bulgaria
57%
No matching quizzes found
Score Distribution
Percent of People with Each Score
Percentile by Number Answered
Your Score History
You have not taken this quiz